00886nac a22002537a 4500001001000000003000900010005001700019008003400036040005400070072000800124100001700132100001800149100001700167100002300184100002100207110009800228245009900326260004000425300001000465490012000475500001200595650000900607650001600616BR8107804BR-BrBNA20240105115138.0230509b bl.|||m| |||| 00| 0 por d aBR-BrBNAbporcBiblioteca Nacional de Agricultura aL701 aPeters, V.M.1 aSilva, I.A.O.1 aCruz, E.M.G.1 aMoraes, M. do C.M.1 aGuerra, M. de O.1 aUniversidade Federal de Juiz de Fora, MG (Brasil). Inst. de Ciencias Biologicas e Geociencias1 aAlteracoes nos fetos e placentas de ratas tratadas com Piracetam na segunda metade da gestacao3 aJuiz de Fora, MG (Brasil): c1981.  a11 p. aBoletim do Instituto de Ciencias Biologicas e Geociencias - Universidade Federal de Juiz de Fora (Brazil)vno. 31x a12 ref. aRATO aMEDICAMENTO